Raising a daughter in this 21st century India : (Record no. 103235)

MARC details
000 -LEADER
fixed length control field 00592nam a22001817a 4500
005 - DATE AND TIME OF LATEST TRANSACTION
control field 20160909151747.0
010 ## - LCCN (DPL NO)
LC control number EN-115986
020 ## - INTERNATIONAL STANDARD BOOK NUMBER
International Standard Book Number 9789381384664
Terms of availability 120.00
035 ## - SYSTEM CONTROL NUMBER
System control number EN-99518
037 ## - SOURCE OF ACQUISITION
Source of stock number/acquisition DBAD/PUB
082 ## - DEWEY DECIMAL CLASSIFICATION NUMBER
Classification number 649.133
100 ## - MAIN ENTRY--PERSONAL NAME
Personal name Chtterjee,Rupa
245 ## - TITLE STATEMENT
Title Raising a daughter in this 21st century India :
Statement of responsibility, etc by Roopa Chatterjee
Remainder of title from craddle to marrige and after /
260 ## - PUBLICATION, DISTRIBUTION, ETC. (IMPRINT)
Place of publication, distribution, etc New Delhi
Name of publisher, distributor, etc V&S Publishers
Date of publication, distribution, etc 2013
270 ## - ADDRESS
Address F-2/16,Ansari Road,Daryaganj
City New Delhi
Postal code 110002
300 ## - PHYSICAL DESCRIPTION
Extent 147p. :
Dimensions 22cm (pbk)
Other physical details ill
942 ## - ADDED ENTRY ELEMENTS (KOHA)
Source of classification or shelving scheme Dewey Decimal Classification
Item type English Books
Classification part 649.133
Call number suffix CHA
Holdings
Withdrawn status Lost status Not for loan Collection code Home library Current library Date acquired Source of acquisition Cost, normal purchase price Full call number Barcode Copy number Cost, replacement price Koha item type
      Non-fiction Bawana Bawana 09/09/2016 DBAD/PUB 120.00 649.133 CHA EN-99518 1 120.00 English Books

© Delhi Public Library
Hit Counter
free hit counter